00000000nam##2200000za#4500
0019.647529
003CaOODSP
00520210615112645
007ta
008150407|2000||||xxc|||||     f|0| 0 eng|d
020 |z0-660-17957-1
040 |aCaOODSP|beng
043 |an-cn---
0861 |aX9-2/5-1999E
1101 |aCanada. |bParliament. |bHouse of Commons.
24510|aHouse of Commons procedure and practice / |cby Robert Marleau and Camille Montpetit.
260 |aOttawa - Ontario : |bHouse of Commons |c2000.
300 |ali, 1152p. : |billus., references, tables ; |c24 cm.
500 |aContents: Parliamentary institutions.--Parliament and Ministries.--Privileges and immunities.--The House of Commons and its members.--Parliamentary procedure.--The physical and administrative setting.--The speaker and other presiding officers of the House.--The parliamentary cycle.--Sittings of the House.--The daily program.--Questions.--The process of debate.--Rules of order and decorum.--The curtailment of debate.--Special debates.--The legislative process.--Delegated legislation.--Financial procedures.--Committees of the whole House.--Committees.--Private members' business.--Public petitions.--Private bills practice.--The parliamentary record.
563 |aHardcover
590 |a00-08|b2000-02-25
69007|aHouse of Commons|2gcpds
69007|aParliamentary procedure|2gcpds
7201 |aMarleau, Robert
7201 |aMontpetit, Camille
77508|tLa procédure et les usages de la Chambre des communes / |w(CaOODSP)9.680946